000 00816cam a2200277 4500
001 9735
003 BJBSDDR
005 20231019152106.0
007 ta
008 060907s1999 inu eng
020 _a0028632613
020 _a9780028632612
040 _beng
_cBJBSDDR
041 _aeng
050 1 4 _a439 DS 62.8
_bB245c 1999
082 0 0 _a956.04
100 1 _aBard, Mitchell Geoffrey,
_d1959-
_930538
245 1 4 _aThe complete idiot's guide to Middle East conflict /
_cMitchell G. Bard
246 3 0 _aMiddle East conflict
260 _aIndianapolis :
_bAlpha books,
_c1999
300 _axxv, 456 pages ;
_c23 cm
440 0 _aComplete idiot's guide
_932654
651 0 _aMiddle East
_xHistory
_y20th century.
651 4 _aMedio Oriente
_xHistoria
_ySiglo XX
_915186
942 _2lcc
_cBK
999 _c28478
_d28478